| Поле | Инд. | ПП | Название | Значение |
|---|---|---|---|---|
| Тип записи | a | |||
| Библиографический уровень | m | |||
| 001 | Контрольный номер | UNIDUBNA7d762a52d7df4743a4931afe0f1abfa8 | ||
| 005 | Дата корректировки | 20260423121953.0 | ||
| 017 | a | Номер регистрации авт. права | Акт приемки-передачи 19/2025 от 10.11.2025 | |
| 020 | a | ISBN | 978-5-89847-741-7 | |
| 040 | b | Код языка каталог. | rus | |
| 041 | 0_ | a | Код языка текста | eng |
| 084 | a | Индекс другой классификации/Индекс ББК | 81.432.1-55я73 | |
| 090 | a | Полочн. индекс | 81.432.1-55я73 | |
| x | Авторский знак | Б 202 | ||
| 100 | 1_ | a | Автор | Балаян А. М. |
| q | Полное имя | Балаян Анастасия Михайловна | ||
| 245 | 10 | a | Заглавие | Лингвостилистический анализ художественного текста на примере жанра фэнтези |
| b | Продолж. заглавия | практикум | ||
| c | Ответственность | рецензенты С. В. Шешунова, Н. В. Шимон; Государственный университет "Дубна". Кафедра иностранных языков и русского как иностранного | ||
| 260 | a | Место издания | Дубна | |
| b | Издательство | Государственный университет "Дубна" | ||
| c | Дата издания | 2025 | ||
| 300 | a | Объем | 49 [3] с. | |
| 336 | a | Термин вида содержания | Текст | |
| 337 | a | Термин типа средства | непосредственный + электронный | |
| 650 | 04 | a | Основная рубрика | английский язык |
| a | Основная рубрика | стилистика | ||
| a | Основная рубрика | филологические науки | ||
| a | Основная рубрика | частное языкознание | ||
| a | Основная рубрика | языкознание | ||
| 653 | 0_ | a | Ключевые слова | «Mort» |
| a | Ключевые слова | лексикология | ||
| a | Ключевые слова | лингвостилистический анализ | ||
| a | Ключевые слова | художественный текст | ||
| 655 | a | Жанр/ форма (устаревшее) | учебное пособие | |
| 700 | 12 | a | Автор | Шешунова С. В. |
| e | Роль лиц | рецензент | ||
| 700 | 12 | a | Автор | Шимон Н. В. |
| e | Роль лиц | рецензент | ||
| 720 | a | Наименование подборки | СЭБ5 | |
| e | Признак/вид подборки | Тематические подборки | ||
| 856 | 40 | a | Имя сервера/домена | Библиотечная система Университета "Дубна" |
| d | Путь | http://lib.uni-dubna.ru/MegaPRO/Web | ||
| i | Указания/сценарий входа | Доступ по номеру читательского билета и фамилии читателя | ||
| u | URL | https://lib.uni-dubna.ru/ProtectedView/Book/ViewBook/34407 | ||
| y | Справочный текст | Электронная версия | ||
| 856 | 40 | a | Имя сервера/домена | ЭБС "Лань" |
| d | Путь | http://e.lanbook.com/ | ||
| i | Указания/сценарий входа | Доступ по логину и паролю | ||
| u | URL | https://e.lanbook.com/book/516048 | ||
| v | Время доступа к ресурсу | 10.04.2026 | ||
| y | Справочный текст | Электронная версия | ||
| 900 | a | Имя электронного ресурса | obl_Balayan_Lingvostil | |
| x | Справочная информация | Обложка | ||
| 900 | a | Имя электронного ресурса | akt_19_2025_Balayan | |
| 900 | a | Имя электронного ресурса | Balayan_Lingvostil | |
| x | Справочная информация | Полный текст | ||
| 901 | t | Тип документа | m | |
| 952 | a | Тип литературы для КСУ ВШ | УИ | |
| a | Тип литературы для КСУ ВШ | ПРА |